=LDR 00000nam 2200000 4500 =001 INLIS000000000041171 =005 20130612150722 =008 ***********************************ind** =035 ##$$0010-061300000041171 =041 ##$$a ind =082 ##$$a 813 =090 ##$$a 813 ,, Dea ,s =100 ##$$a DEAVER, Jeffery =245 ##$$a The Sleeping doll , Boneka tidur , Jeffery Deaver =260 ##$$a 2011 $b Jakarta =300 ##$$a 632 hlm , 20 cm =650 ##$$a FIKSI DEWASA =850 ##$$a NBPNMAT